000 00854nam a2200253Ia 4500
003 OSt
005 20221005113129.0
006 a|||||r|||| 00| 0
007 ta
008 221004b |||||||| |||| 00| 0 pan d
020 _a8189284398 (hbk)
_c200
024 _a95608
037 _b214, 31/12/2008, H.K. Prakashan
_cTextual
040 _aCRL
_cCRL
_bpan
041 _2pan
_apan
082 _aO153:g(Q8441), P6
100 _aਸੁਰਜੀਤ ਹਾਂਸ
245 0 _aਸਾਡਾ ਸਾਹਿਤ ਅਤੇ ਧਰਮ
260 _aਦਿੱਲੀ
_bਰੂਹੀ ਪ੍ਰਕਾਨ ਭਾਰਤ
_c2006
300 _a173ਪੰ
_ccm.
650 _aਪੰਜਾਬੀ ਸਾਹਿਤ
942 _hO153:g(Q8441), P6
_cTEXL
_2cc
999 _c1027142
_d1027142